El alquiler de inmuebles en el IVA y las entidades exentas (Registro nro. 14678)
[ vista simple ]
| 000 -LEADER | |
|---|---|
| fixed length control field | 00334 a2200109 4500 |
| 001 - CONTROL NUMBER | |
| control field | ART_17924 |
| 005 - DATE AND TIME OF LATEST TRANSACTION | |
| control field | 20260410161655.0 |
| 008 - FIXED-LENGTH DATA ELEMENTS--GENERAL INFORMATION | |
| fixed length control field | 260409a |
| 100 1# - MAIN ENTRY--PERSONAL NAME | |
| Personal name | Serra, Marcelo |
| 245 10 - TITLE STATEMENT | |
| Title | El alquiler de inmuebles en el IVA y las entidades exentas |
| 773 0# - HOST ITEM ENTRY | |
| Title | Práctica profesional |
| Related parts | - Nº 111 (feb. 2010) |
| Record control number | REV542 |
No hay ítems disponibles.